[Event "WY U-16 Olympiad"]
[Site "Burdur TUR"]
[Date "2010.12.04"]
[Round "10"]
[White "Sevgi,V"]
[Black "Arat,Uf"]
[Result "1/2-1/2"]
[WhiteElo "1893"]
[BlackElo "1993"]

1.e4 c5 2.c3 Nf6 3.e5 Nd5 4.d4 e6 5.Nf3 cxd4 6.cxd4 Nc6 7.Nc3 d6 8.Bb5 Qb6
9.Nxd5 exd5 10.Qe2 dxe5 11.Bxc6+ bxc6 12.Qxe5+ Be6 13.O-O Qb8 14.Be3 Qxe5
15.Nxe5 Rc8 16.Rac1 Bd7 17.Rc3 f6 18.Nd3 Bf5 19.Nc5 g5 20.Na6 Bd6 21.Rfc1 Bd7
22.Rb3 h5 23.Rb7 Ra8 24.Nc5 Bxc5 25.Rxc5 a5 26.a4 Kd8 27.Bd2 Kc8 28.Rb3 Rb8
29.Rxb8+ Kxb8 30.Bxa5 Re8 31.Rc1 Kb7 32.Bc3 Bf5 33.Re1 Rxe1+ 34.Bxe1 Bc2
35.a5 Bd3 36.f3 Kc7 37.h4 Kd7 38.hxg5 fxg5 39.Bd2 g4 40.Kf2 Ke6 41.fxg4 hxg4
42.Ke3 Bf1 43.Kf4 Kd7 44.g3 Be2  1/2-1/2

[Event "TCh-CZE 2010-11"]
[Site "Czech Rep CZE"]
[Date "2010.12.04"]
[Round "3.8"]
[White "Vrana,J"]
[Black "Skliba,M"]
[Result "0-1"]
[WhiteElo "2348"]
[BlackElo "2305"]

1.e4 c5 2.c3 Nf6 3.e5 Nd5 4.d4 cxd4 5.Nf3 Nc6 6.cxd4 d6 7.Bc4 Nb6 8.Bb5 dxe5
9.Nxe5 Bd7 10.Nxd7 Qxd7 11.O-O Rd8 12.Nc3 a6 13.Bxc6 Qxc6 14.Re1 Nd5 15.Bd2 e6
16.Rc1 Be7 17.Ne4 Qb5 18.Qg4 g6 19.Nc3 Qxb2 20.Nxd5 Rxd5 21.Bh6 Qb6 22.Rc8+ Rd8
23.Rxd8+ Qxd8 24.Qe4 Qd7 25.d5 f5 26.Qe5 Rg8 27.dxe6 Qd6 28.Qe2 g5 29.Qh5+ Rg6
30.h4 gxh4 31.Bc1 Qc6 32.f3 Qc2 33.g4 Bc5+ 34.Be3 Qd2 35.Bxc5 Qxe1+ 36.Kg2 Qg3+
37.Kf1 Qxf3+  0-1

[Event "60th ch-GRE"]
[Site "Vrahati GRE"]
[Date "2010.12.04"]
[Round "9"]
[White "Spiliadis,Athanasios"]
[Black "Mastrovasilis,D"]
[Result "0-1"]
[WhiteElo "1888"]
[BlackElo "2580"]

1.e4 c5 2.c3 Nf6 3.e5 Nd5 4.d4 cxd4 5.cxd4 d6 6.Nf3 e6 7.Nc3 Nxc3 8.bxc3 Qc7
9.Qb3 Nd7 10.Bf4 dxe5 11.Bxe5 Nxe5 12.Nxe5 Bd6 13.Bb5+ Kf8 14.f4 g6 15.O-O b6
16.Bc6 Rb8 17.Be4 b5 18.Rae1 Kg7 19.Re3 Re8 20.Qd1 b4 21.Rh3 f5 22.Qe1 Bxe5
23.fxe5 fxe4 24.Rxh7+ Kxh7 25.Qh4+ Kg8 26.Rf6 Qh7 27.Qg5 Rb7 28.c4 Rf7 29.d5 Rxf6
30.exf6 exd5  0-1

[Event "Frauenbundesliga 1st Div 2010-11"]
[Site "Germany GER"]
[Date "2010.12.05"]
[Round "4.6"]
[White "Stemmler,L"]
[Black "Mertens,P"]
[Result "0-1"]
[WhiteElo "1835"]
[BlackElo "2020"]

1.e4 c5 2.c3 Nf6 3.e5 Nd5 4.d4 cxd4 5.Nf3 e6 6.cxd4 d6 7.Bc4 Nc6 8.O-O Be7
9.Bxd5 exd5 10.Re1 Be6 11.Bf4 dxe5 12.Bxe5 O-O 13.Nc3 Rc8 14.Rc1 Qd7 15.h3 Rfe8
16.Bg3 f6 17.Rc2 Bf7 18.Nh2 Bb4 19.Rxe8+ Rxe8 20.a3 Ba5 21.f3 Bg6 22.Rd2 Bxc3
23.bxc3 Na5 24.Ra2 Qc6 25.Qc1 Nb3 26.Qb2 Qc4 27.Ng4 Bd3 28.Qf2 Qxc3 29.Bf4 Nxd4
30.Bd2 Qc4 31.Bb4 Ne2+ 32.Kh2 Qxa2  0-1

[Event "ch-RSSU"]
[Site "Moscow RUS"]
[Date "2010.12.05"]
[Round "5"]
[White "Potapov,P"]
[Black "Shlegin,S"]
[Result "1-0"]
[WhiteElo "2478"]
[BlackElo "2340"]

1.e4 c5 2.c3 Nf6 3.e5 Nd5 4.Nf3 b6 5.d4 cxd4 6.cxd4 Bb7 7.Nc3 Nxc3 8.bxc3 e6
9.Bd3 Qc7 10.Bd2 d6 11.O-O Nd7 12.Ng5 dxe5 13.Qh5 g6 14.Qh3 Be7 15.Rae1 e4
16.Bxe4 Bxe4 17.Rxe4 Nf6 18.Rf4 Qc6 19.Re1 Rf8 20.Rxf6 Bxf6 21.Nxe6 fxe6
22.Rxe6+ Qxe6 23.Qxe6+ Kd8 24.Bh6  1-0

[Event "ch-RSSU"]
[Site "Moscow RUS"]
[Date "2010.12.07"]
[Round "7"]
[White "Potapov,P"]
[Black "Isajevsky,A"]
[Result "1/2-1/2"]
[WhiteElo "2478"]
[BlackElo "2430"]

1.e4 c5 2.c3 Nf6 3.e5 Nd5 4.Nf3 e6 5.d4 cxd4 6.cxd4 d6 7.Bc4 Nb6 8.Bd3 Nc6
9.O-O Nb4 10.Be4 d5 11.Bd3 Nxd3 12.Qxd3 Be7 13.b3 Bd7 14.Nc3 O-O 15.a4 Rc8
16.Bd2 Bc6 17.Rfc1 h6 18.Ne2 Re8 19.Nf4 Bf8 20.h4  1/2-1/2

[Event "77th ch-BRA"]
[Site "Americana BRA"]
[Date "2010.12.08"]
[Round "11"]
[White "Matsuura,E"]
[Black "Shumyatsky,V"]
[Result "1/2-1/2"]
[WhiteElo "2490"]
[BlackElo "2352"]

1.e4 c5 2.c3 Nf6 3.e5 Nd5 4.d4 cxd4 5.Nf3 Nc6 6.Bc4 Nb6 7.Bb3 d5 8.exd6 Qxd6
9.O-O Be6 10.Na3 Bxb3 11.Qxb3 e6 12.Nb5 Qd7 13.Nbxd4 Nxd4 14.Nxd4 Bc5 15.Rd1 O-O
16.Be3 Qe7 17.Nc2 Nd5 18.Bxc5 Qxc5 19.Rd4 Rfd8 20.Rad1 Qc7 21.c4 Nb6 22.Ne3 Rxd4  1/2-1/2

[Event "2nd Pilsen Open"]
[Site "Plzen CZE"]
[Date "2010.12.08"]
[Round "6"]
[White "Van Nieuwenhuizen,H"]
[Black "Blecha,Mir"]
[Result "0-1"]
[WhiteElo "2006"]
[BlackElo "2194"]

1.e4 c5 2.c3 Nf6 3.e5 Nd5 4.d4 cxd4 5.cxd4 e6 6.Nc3 Nxc3 7.bxc3 Qc7 8.Bd2 d6
9.f4 Be7 10.Nf3 O-O 11.Bd3 b6 12.Qc2 h6 13.O-O Ba6 14.Bh7+ Kh8 15.Rf2 f5
16.exf6 Bxf6 17.Re1 Bc4 18.Bd3 Bd5 19.Be4 Nc6 20.Bxd5 exd5 21.Qb3 Qf7 22.Rfe2 Na5
23.Qb5 Nc4 24.Re6 Nxd2 25.Nxd2 Be5 26.Qxd5 Bxf4 27.Nf3 Rad8 28.Qb5 Be5 29.Qb3 Bf6
30.Qb5 Rc8 31.Qb3 d5 32.R6e3 Rc4 33.Qb2 Rfc8 34.Ne5 Bxe5 35.dxe5 d4 36.cxd4 Rc2
37.Rf3 Qg6 38.Rg3 Qxg3 39.hxg3 Rxb2 40.d5 Rd2 41.d6 Re8  0-1

[Event "ch-RSSU"]
[Site "Moscow RUS"]
[Date "2010.12.09"]
[Round "9"]
[White "Potapov,P"]
[Black "Lyanguzov,O"]
[Result "1/2-1/2"]
[WhiteElo "2478"]
[BlackElo "2276"]

1.e4 c5 2.c3 Nf6 3.e5 Nd5 4.Nf3 Nc6 5.Bc4 Nb6 6.Bb3 c4 7.Bc2 Qc7 8.Qe2 g5
9.h3 Bg7 10.O-O h5 11.Nxg5 Qxe5 12.Qxe5 Nxe5 13.f4 Nd3 14.Na3 d5 15.Nb5 Kf8
16.Bxd3 cxd3 17.Nf3 Bf5 18.b3 Be4 19.Ba3 a6 20.Nbd4 Rg8 21.Rf2 Ke8 22.Re1 Bf6
23.Re3 Nd7 24.Kh2 e5 25.fxe5 Nxe5  1/2-1/2

[Event "WCh Women"]
[Site "Antakya TUR"]
[Date "2010.12.12"]
[Round "3.3"]
[White "Skripchenko,A"]
[Black "Cmilyte,V"]
[Result "1/2-1/2"]
[WhiteElo "2460"]
[BlackElo "2514"]

1.e4 c5 2.c3 Nf6 3.e5 Nd5 4.Nf3 d6 5.d4 cxd4 6.cxd4 Nc6 7.Bc4 dxe5 8.dxe5 Ndb4
9.Qb3 e6 10.O-O Na5 11.Bb5+ Bd7 12.Qa4 Bxb5 13.Qxb5+ Nac6 14.Nc3 a6 15.Qc4 Qd3
16.Qg4 Qf5 17.Qxf5 exf5 18.Rd1 Bc5 19.Bf4 O-O 20.Rd7 Rfd8 21.e6 fxe6 22.Rxb7 Nd3
23.Be3 Na5 24.Rb6 Bxb6 25.Bxb6 Nc6 26.Bxd8 Rxd8 27.Na4 e5 28.Ne1 e4 29.Nxd3 Rxd3
30.Nc5 Rd2 31.Nxa6 Rxb2 32.a4 Kf7 33.Nc7 Kf6 34.h4 Ke5 35.a5 Rb7 36.Na8 Ra7
37.Nb6 Ra6 38.g3 Ke6 39.Nc4 Kd5 40.Ne3+ Ke6 41.Nc4 Kd5 42.Ne3+ Ke6 43.Nc4 Kd5  1/2-1/2

[Event "London Chess Classic Women"]
[Site "London ENG"]
[Date "2010.12.13"]
[Round "6"]
[White "Oliver,S"]
[Black "Ikonomopoulou,M"]
[Result "0-1"]
[WhiteElo "1926"]
[BlackElo "2160"]

1.e4 c5 2.c3 Nf6 3.e5 Nd5 4.d4 cxd4 5.cxd4 d6 6.Bc4 e6 7.Nf3 Nc6 8.O-O Be7
9.Nbd2 O-O 10.Ne4 Nb6 11.Bb3 d5 12.Neg5 f6 13.exf6 Bxf6 14.Qd3 g6 15.Nh3 e5
16.Nxe5 Nxe5 17.dxe5 Bxe5 18.f4 Bf5 19.Qf3 Bf6 20.g4 Be6 21.Rb1 Qd7 22.Nf2 Bd4
23.h3 Rae8 24.Bc2 Qc7 25.Bd3 Nc4 26.b3 Ne5 27.Qg3 Nxd3 28.Qxd3 Qb6 29.Kg2 Bd7
30.a4 a5 31.Bd2 Rf7 32.Nh1 Rfe7 33.Rbe1 Be3 34.Bxe3 Rxe3 35.Rxe3 Rxe3 36.Qxd5+ Be6
37.Qd2 Rxb3 38.Rf2 Rb4 39.Qc2 Bd5+ 40.Kh2 Qc6 41.Qd3 Qc4 42.Qe3 Qe4  0-1

[Event "London Chess Classic Women"]
[Site "London ENG"]
[Date "2010.12.14"]
[Round "8"]
[White "Oliver,S"]
[Black "Messam Sparks,L"]
[Result "1/2-1/2"]
[WhiteElo "1926"]
[BlackElo "1917"]

1.e4 c5 2.c3 Nf6 3.e5 Nd5 4.d4 cxd4 5.Nf3 e6 6.cxd4 Nc6 7.Bc4 Nb6 8.Bb3 d6
9.exd6 Bxd6 10.O-O h6 11.Nc3 Ne7 12.Be3 Nbd5 13.Qe2 O-O 14.Rac1 Bd7 15.Ne4 Bf4
16.Bxd5 Nxd5 17.Bxf4 Nxf4 18.Qd2 Nd5 19.Ne5 Bb5 20.Rfe1 b6 21.Nc3 Be8 22.a3 a6  1/2-1/2

[Event "Bansko Grand Chess Open"]
[Site "Bansko BUL"]
[Date "2010.12.17"]
[Round "6.20"]
[White "Sotirov,N"]
[Black "Videnova,I"]
[Result "1-0"]
[WhiteElo "2109"]
[BlackElo "2269"]

1.e4 c5 2.c3 Nf6 3.e5 Nd5 4.d4 cxd4 5.cxd4 e6 6.Nf3 d6 7.Bc4 Nc6 8.O-O Be7
9.Qe2 O-O 10.Qe4 Bd7 11.exd6 Bxd6 12.Bxd5 exd5 13.Qxd5 Bg4 14.Nc3 Qd7 15.Be3 Rad8
16.Ne5 Qe8 17.Nxg4 Bxh2+ 18.Nxh2 Rxd5 19.Nxd5 f5 20.Nf3 Qd8 21.Nf4 Re8 22.d5 Ne5
23.Nxe5 Rxe5 24.Rfd1 Qd7 25.Rac1 g5 26.d6 gxf4 27.Rc7 Qa4 28.b3 Qa5 29.d7 Qxc7
30.d8=Q+ Qxd8 31.Rxd8+ Kf7 32.Bxa7 b5 33.Rd2 Re1+ 34.Kh2 Re7 35.Bc5 Re5 36.b4 f3
37.gxf3  1-0

[Event "17th Open A"]
[Site "Zadar CRO"]
[Date "2010.12.17"]
[Round "8.10"]
[White "Drazic,S"]
[Black "Jakic,I"]
[Result "1/2-1/2"]
[WhiteElo "2524"]
[BlackElo "2399"]

1.e4 c5 2.c3 Nf6 3.e5 Nd5 4.Bc4 e6 5.Nf3 Nc6 6.O-O d6 7.exd6 Bxd6 8.d4 O-O
9.dxc5 Bxc5 10.Nbd2 Nf6 11.Qe2 Qc7 12.Nb3 Bd6 13.h3 Bf4 14.Bxf4 Qxf4 15.Rfd1 Qe4
16.Qxe4 Nxe4 17.Bb5 Ne7 18.Rd4 Nf6 19.Ne5 Ng6 20.f4 Nxe5 21.fxe5 Nd5 22.Be2 Ne7
23.Bf3 Ng6 24.Re1 Rb8 25.Na5 f6 26.exf6 gxf6 27.Rb4 Ne5 28.Rxe5 fxe5 29.Nc6 Ra8
30.Nxe5 Rf5 31.Ng4 Kg7 32.Kf2 Rb8 33.Ne3 Rc5 34.Rg4+ Kh8 35.Rd4 Rc7 36.Rd8+ Kg7
37.a4 Rd7 38.Re8 Rf7 39.Nc4 Rf8 40.Re7+ Rf7 41.Re8 Rf8 42.Re7+ Rf7 43.Re8  1/2-1/2

[Event "I Jorge Duarte IM"]
[Site "Buenos Aires ARG"]
[Date "2010.12.18"]
[Round "8"]
[White "Liascovich,L"]
[Black "Pichot,A"]
[Result "0-1"]
[WhiteElo "2437"]
[BlackElo "2204"]

1.e4 c5 2.c3 Nf6 3.e5 Nd5 4.d4 cxd4 5.Nf3 e6 6.cxd4 Nc6 7.Nc3 Nxc3 8.bxc3 Qc7
9.Bd3 d6 10.exd6 Bxd6 11.O-O Ne7 12.c4 Ng6 13.g3 O-O 14.Ng5 Be7 15.Qh5 Bxg5
16.Bxg5 b6 17.Bf4 Qd7 18.Rad1 Bb7 19.d5 Rae8 20.h4 e5 21.Bg5 Qd6 22.Be3 Bc8
23.Bc2 Bh3 24.Rfe1 f5 25.f3 e4 26.Kh2 f4 27.gxf4 Rf5  0-1

[Event "European Rapid Championship"]
[Site "Warsaw POL"]
[Date "2010.12.18"]
[Round "2"]
[White "Winski,L"]
[Black "Anisimov,P2"]
[Result "0-1"]
[WhiteElo "2114"]
[BlackElo "2532"]

1.e4 c5 2.c3 Nf6 3.e5 Nd5 4.d4 cxd4 5.cxd4 d6 6.Nf3 Nc6 7.exd6 Qxd6 8.Nc3 Bg4
9.Be2 e6 10.O-O Be7 11.Be3 O-O 12.h3 Bh5 13.Qb3 a6 14.Nxd5 Qxd5 15.Qxd5 exd5
16.g4 Bg6 17.Ne5 Rac8 18.Nxc6 Rxc6 19.Bf3 Rd8 20.Rac1 Bc2 21.Bd1 Bd3 22.Rxc6 bxc6
23.Re1 Bb4 24.Bg5 f6 25.Re3 Bb1 26.Rb3 a5 27.a3 Ba2 28.Rf3 fxg5 29.axb4 axb4
30.Rf5 h6 31.Ba4 Rd6 32.Re5 Kf7 33.Rf5+ Ke7 34.Re5+ Kd7 35.Bc2 Bc4 36.b3 Ba6
37.Kg2 Kd8 38.Kg3 Rf6 39.Bf5 g6 40.Bc2 Bc8 41.f3 Bd7 42.Bd3 Be8 43.Re1 Rf4
44.Ra1 Rxd4 45.Ra8+ Ke7 46.Ra7+ Kd6  0-1

[Event "European Rapid Championship"]
[Site "Warsaw POL"]
[Date "2010.12.18"]
[Round "8"]
[White "Kashtanov,R"]
[Black "Moranda,W"]
[Result "1/2-1/2"]
[WhiteElo "2351"]
[BlackElo "2578"]

1.e4 c5 2.c3 Nf6 3.e5 Nd5 4.d4 cxd4 5.Nf3 Nc6 6.cxd4 d6 7.Bc4 Nb6 8.Bb5 d5
9.O-O Bg4 10.h3 Bxf3 11.Qxf3 e6 12.Be3 Rc8 13.Nd2 a6 14.Be2 Be7 15.Qg4 g6
16.Bh6 Bf8 17.Bg5 Be7 18.Bh6 Bf8 19.Bg5 Be7 20.Bh6 Bf8  1/2-1/2

[Event "Moscow Teams"]
[Site "Moscow RUS"]
[Date "2010.12.19"]
[Round "7"]
[White "Gavrilov,Al1"]
[Black "Vakhlamov,I"]
[Result "1-0"]
[WhiteElo "2488"]
[BlackElo "2318"]

1.e4 c5 2.c3 Nf6 3.e5 Nd5 4.Nf3 Nc6 5.Bc4 e6 6.O-O d6 7.d4 cxd4 8.cxd4 Be7
9.Qe2 O-O 10.Re1 Bd7 11.Nc3 Nxc3 12.bxc3 Qc7 13.Bd3 d5 14.h4 f5 15.exf6 Bxf6
16.Ng5 Bxg5 17.Bxg5 Rf7 18.Qh5 g6 19.Qh6 e5 20.h5 e4 21.hxg6 hxg6 22.Rxe4 Rh7
23.Qxg6+ Rg7 24.Qh6 Rh7 25.Qxh7+ Kxh7 26.Re8+ Kg7 27.Rxa8 b6 28.Re1 Qb7 29.Rae8 Bxe8
30.Rxe8 Qf7 31.Re1 Qh5 32.f4 Na5 33.Bf5 Nc4 34.Be6 Qe8 35.f5 Qh5 36.f6+ Kf8
37.Bf4 b5 38.Rf1 a5 39.f7 a4 40.Bxd5 Qg6 41.Re1 Kg7 42.Re8 Qb1+ 43.Kh2 Qh7+
44.Kg3 Qd3+ 45.Kh4 Qh7+ 46.Kg4 Qg6+ 47.Bg5 Ne3+ 48.Rxe3 Qd6 49.Re8  1-0

[Event "European Rapid Championship"]
[Site "Warsaw POL"]
[Date "2010.12.19"]
[Round "10"]
[White "Dudzinski,Pi"]
[Black "Anisimov,P2"]
[Result "1/2-1/2"]
[WhiteElo "2310"]
[BlackElo "2532"]

1.e4 c5 2.c3 Nf6 3.e5 Nd5 4.d4 cxd4 5.cxd4 d6 6.exd6 Qxd6 7.Nc3 Nc6 8.Nf3 Bg4
9.Be2 e6 10.O-O Be7 11.Be3 O-O 12.a3 a6 13.Qb3 Rfd8 14.Rfe1 b5 15.Ne5 Bxe2
16.Rxe2 Nxc3 17.Qxc3 Nxd4 18.Bxd4 Qxd4 19.Qb3 Qd5 20.Qe3 Bf6 21.Ng4 Bd4 22.Qg3 Kh8
23.h4 Qd6 24.Qf3 f5 25.Ne3 Bf6 26.g3 Rac8 27.Rae1 h6 28.Ng2 Qd5 29.Qh5 Bd4
30.Rxe6 Rc2 31.R6e2 Qc5 32.b4 Qc7 33.Nf4 Rxe2 34.Rxe2 Rf8 35.Re8 Rxe8 36.Qxe8+ Kh7
37.Qg6+ Kg8 38.Qxf5 Qc3 39.Qe6+ Kh7 40.Kg2 Qd2 41.Qf5+ Kg8 42.Ng6 Bf6 43.h5 Qd8
44.Qe6+ Kh7 45.Qe4 Kg8 46.g4 Qc8 47.f3 Qd8 48.Kh3 Qc8 49.Qd5+ Kh7 50.Qd3 Kg8
51.Qe4 Qd8 52.Qc6 Kh7 53.Qd7 Qxd7 54.Nf8+ Kg8 55.Nxd7 Bb2 56.Nc5 Bxa3 57.Nxa6 Kf7
58.Nc7 Bxb4 59.Nxb5 Bc5 60.Nc3 Bd6 61.Ne4 Bf4 62.Ng3 Kf6 63.Ne2 Bc7 64.f4 g6
65.Kh4 Bd8 66.Ng3 Kg7+ 67.Kh3 Bc7 68.hxg6 Kxg6 69.f5+ Kf6 70.Nh5+ Kg5 71.Ng7 Bb6
72.Ne6+ Kf6 73.Kh4 Be3 74.Kh5 Bd2 75.Nf8 Kf7 76.Nd7 Bf4 77.Nc5 Kf6 78.Kh4 Kf7
79.Ne4 Kg7 80.Ng3 Bg5+ 81.Kh3 Bc1 82.Kg2 Kf6 83.Kf3 Bb2 84.Nh5+ Kg5 85.Ng7 Bxg7
86.Kg2 Bf6 87.Kh1 Kf4 88.Kg2 Bd4 89.Kh3 Bf2 90.f6 Kg5 91.f7 Bc5 92.Kg3 Bd6+
93.Kf3 Be7 94.Kg3 Kg6 95.Kf4 Kxf7 96.Kf5 Bf6 97.Kf4 Kg6 98.Ke4 Kg5 99.Kf3 Be5
100.Kg2 Bc7 101.Kh3 Bb8 102.Kg2 Kh4 103.Kh1 Kg3 104.Kg1 Kf3 105.Kh1 Bc7  1/2-1/2

[Event "Azerbaijanian Solidarity Day"]
[Site "Baku AZE"]
[Date "2010.12.27"]
[Round "7.5"]
[White "Mammadov,Z"]
[Black "Gasanov,E"]
[Result "0-1"]
[WhiteElo "2443"]
[BlackElo "2488"]

1.e4 c5 2.c3 Nf6 3.e5 Nd5 4.Nf3 Nc6 5.Bc4 Nb6 6.Bb3 c4 7.Bc2 Qc7 8.Qe2 g5
9.h3 Bg7 10.O-O Nxe5 11.Nxg5 h6 12.Nf3 d5 13.Na3 a6 14.Re1 Nxf3+ 15.Qxf3 e5
16.Qg3 Bf6 17.Qf3 Bg7 18.Bf5 O-O 19.d4 cxd3 20.Bxc8 e4 21.Qh5 Raxc8 22.Bxh6 f5
23.Be3 Na4 24.Qg5 Qd8 25.Qg3 Kh7 26.Qf4 Rc6 27.Rab1 b5 28.Qh2 Qh4 29.Bf4 d4
30.cxd4 Bxd4 31.Be3 Bxe3 32.fxe3 b4 33.Nc4 Rxc4 34.b3 d2 35.Rf1 Rc1 36.Qd6 Rxb1
37.Rxb1 Qd8  0-1

[Event "37th ch-IND w"]
[Site "Bhubaneswar IND"]
[Date "2010.12.27"]
[Round "3"]
[White "Arunima,K"]
[Black "Saranya,J"]
[Result "0-1"]
[WhiteElo "1866"]
[BlackElo "2123"]

1.e4 c5 2.c3 Nf6 3.e5 Nd5 4.d4 e6 5.Nf3 cxd4 6.cxd4 d6 7.a3 Nc6 8.Bd3 Qc7
9.O-O Be7 10.Re1 b6 11.Bd2 Bb7 12.Nc3 Nxc3 13.Bxc3 dxe5 14.dxe5 O-O-O 15.Qe2 g5
16.Rec1 Kb8 17.b4 g4 18.Ne1 Qd7 19.Qb2 h5 20.a4 h4 21.a5 h3 22.axb6 hxg2
23.Be4 f5 24.Bxg2 Bg5 25.Rd1 Qh7 26.Rxd8+ Nxd8 27.Bxb7 Qxh2+ 28.Kf1 Nxb7
29.Bd4 Qh1+ 30.Ke2 Qe4+ 31.Kd1 Rd8 32.Nc2 Qd3+  0-1

[Event "North American Open"]
[Site "Las Vegas USA"]
[Date "2010.12.27"]
[Round "2"]
[White "Omori,Michael"]
[Black "Zenyuk,I"]
[Result "1-0"]
[WhiteElo "2234"]
[BlackElo "2244"]

1.e4 c5 2.c3 Nf6 3.e5 Nd5 4.d4 cxd4 5.Nf3 e6 6.cxd4 Nc6 7.Bc4 d6 8.O-O Be7
9.Qe2 O-O 10.Qe4 Ndb4 11.exd6 Qxd6 12.Bf4 Qd8 13.Nc3 Na5 14.Bd3 Nxd3 15.Qxd3 Nc6
16.Rad1 Nb4 17.Qe4 Nd5 18.Nxd5 exd5 19.Qe3 Bg4 20.Qb3 Re8 21.Rd3 Bd6 22.Bg3 Bf5
23.Rc3 Be4 24.Qxb7 Rb8 25.Qxa7 Rxb2 26.Bxd6 Qxd6 27.Ne5 Bg6 28.Rc6 Qb8 29.Qd7 Rd8
30.Qe7 Re8 31.Qa3 f6 32.Nxg6 hxg6 33.Qc3 Rb5 34.Qc2 Kh7 35.Rc3 f5 36.Rh3+ Kg8
37.Qc6 Kf7 38.Rb3 Rxb3 39.Qxd5+ Kf8 40.axb3 Rd8 41.Qe6 Rxd4 42.Qxg6 Qe5 43.Rc1 Qc5
44.Qg5 Qc2 45.h3 Rd1+ 46.Rxd1 Qxd1+ 47.Kh2 Qxb3 48.Qxf5+ Kg8 49.Qf4 Qd3 50.h4 Qd8
51.g3 Qd5 52.Qb8+ Kh7 53.Qf8 Qe4 54.Qf7 Qg4 55.f3 Qd4 56.Qh5+ Kg8 57.Qe8+ Kh7
58.Qe4+  1-0

[Event "Czech Chess Christmas 2010-11"]
[Site "Litomysl CZE"]
[Date "2010.12.27"]
[Round "2.14"]
[White "Van Nieuwenhuizen,H"]
[Black "Svana,P"]
[Result "0-1"]
[WhiteElo "2006"]
[BlackElo "2227"]

1.e4 c5 2.c3 Nf6 3.e5 Nd5 4.d4 cxd4 5.cxd4 d6 6.exd6 Qxd6 7.Nc3 g6 8.Bc4 Nb6
9.Bb3 Bg7 10.Be3 O-O 11.Nge2 Nc6 12.O-O Na5 13.Bf4 Qd8 14.Bc2 Be6 15.Rc1 Nc6
16.Nb5 Nd5 17.Be3 Nxe3 18.fxe3 Bh6 19.Nf4 Bc4 20.Bd3 Bxd3 21.Qxd3 e5 22.Ne2 a6
23.Rxc6 bxc6 24.Nbc3 exd4 25.exd4 Qb6 26.b3 Bg7 27.Ne4 Rae8 28.Nf6+ Bxf6
29.Rxf6 Qb5 30.Qxb5 axb5 31.Nf4 Re4 32.g3 Rxd4 33.Rxc6 Ra8 34.Rc2 Rd1+ 35.Kg2 Ra1
36.a4 bxa4 37.bxa4 R1xa4 38.h4 Ra2 39.Rxa2 Rxa2+ 40.Kf3 h5 41.Nd5 Kg7 42.Kf4 f6
43.Kf3 g5 44.hxg5 fxg5 45.Nb4 g4+ 46.Ke3 Ra3+ 47.Kf2 Kh6 48.Nd5 Ra2+ 49.Kg1 Kg5
50.Ne3 h4 51.gxh4+ Kxh4 52.Nf5+ Kh3  0-1

[Event "IV Stadium Casablanca Open"]
[Site "Zaragoza ESP"]
[Date "2010.12.27"]
[Round "5"]
[White "Korneev,O"]
[Black "Forcen Esteban,D"]
[Result "1-0"]
[WhiteElo "2582"]
[BlackElo "2367"]

1.e4 c5 2.c3 Nf6 3.e5 Nd5 4.Nf3 e6 5.d4 cxd4 6.cxd4 d6 7.Bc4 Nc6 8.O-O Be7
9.Qe2 O-O 10.Rd1 Na5 11.b3 dxe5 12.dxe5 Qc7 13.Bxd5 exd5 14.Ba3 Re8 15.Qd2 Bg4
16.Bd6 Bxd6 17.exd6 Qxd6 18.Qxa5 Bxf3 19.gxf3 Re5 20.Nd2 Rg5+ 21.Kh1 Rh5
22.Nf1 Qf6 23.Ng3 Qxf3+ 24.Kg1 Rg5 25.Qd2 Qf6 26.f4 Rg4 27.Qxd5 Rxf4 28.Qxb7 Rf8
29.Rf1 g6 30.Qxa7 h5 31.Qe3 Qd4 32.Qxd4 Rxd4 33.Rfd1 Rg4 34.Kh1 h4 35.Nf1 f5
36.Rd2 Re4 37.Rad1 f4 38.Rd8 g5 39.h3 Re2 40.R8d5  1-0

[Event "Hastings Masters 2010-11"]
[Site "Hastings ENG"]
[Date "2010.12.28"]
[Round "1.52"]
[White "Stewart,Ashley "]
[Black "Simon,Th"]
[Result "0-1"]
[WhiteElo "1980"]
[BlackElo "1971"]

1.e4 c5 2.c3 Nf6 3.e5 Nd5 4.d4 cxd4 5.Nf3 e6 6.cxd4 d6 7.Bc4 Nb6 8.Bb3 dxe5
9.Nxe5 Nc6 10.Nf3 Bb4+ 11.Nc3 O-O 12.O-O Bd7 13.Be3 Ne7 14.Bc2 g6 15.Bh6 Re8
16.Ne5 Bc6 17.Ne4 Bxe4 18.Bxe4 Ned5 19.Qf3 f5 20.Bxd5 Qxd5 21.Qg3 Bd6 22.Rfd1 Rad8
23.h4 Nd7 24.h5 Nxe5 25.dxe5 Qxe5 26.f4 Bc5+ 27.Kh2 Qe2 28.hxg6 Qh5+ 29.Qh3 hxg6
30.Qxh5 gxh5 31.Bg5 Rd5 32.Rac1 Bb6 33.Rxd5 exd5 34.Rd1 d4 35.Bf6 Kf7 36.Be5 Rd8
37.Kg3 Ke6 38.Kf3 Kd5 39.b3 Rc8 40.Rd3 Rc2 41.a4 a6 42.Bf6 Ba7 43.Be5 Rc1
44.g3 b5 45.axb5 axb5 46.Bf6 Rf1+ 47.Ke2 Ke4 48.Rd2 Rg1 49.Bh4 d3+ 50.Rxd3 Rg2+
51.Kf1 Rf2+  0-1

[Event "North American Open"]
[Site "Las Vegas USA"]
[Date "2010.12.28"]
[Round "4"]
[White "Sevillano,E"]
[Black "Coleman,T"]
[Result "1/2-1/2"]
[WhiteElo "2508"]
[BlackElo "2282"]

1.e4 c5 2.c3 Nf6 3.e5 Nd5 4.d4 cxd4 5.Nf3 e6 6.cxd4 d6 7.Nc3 Nxc3 8.bxc3 dxe5
9.Nxe5 Qc7 10.Bb5+ Nd7 11.Qf3 f6 12.Nxd7 Bxd7 13.Bxd7+ Qxd7 14.Rb1 O-O-O
15.O-O Qd5 16.Qe2 Kb8 17.Be3 Bd6 18.Rb5 Qc6 19.Rfb1 Rd7 20.c4 Ka8 21.Qb2 Bb8
22.c5 Rhd8 23.g3 e5 24.Rb6 Qd5 25.c6 axb6 26.cxd7 exd4 27.Bxd4 Bc7 28.Bxb6 Bxb6
29.Qxb6 Qxd7 30.a4 Rc8 31.Qb3 h6 32.a5 Rc6 33.Rd1 Qc8 34.Qe3 Rc3 35.Qe1 Qc6
36.Rb1 Ka7 37.Qd2 Qc5 38.Qb2 Qc6 39.Qd2 Rc2 40.Qe1 Qc5 41.Ra1 Ka6 42.Qe6+ Ka7
43.Qe1 Ka6 44.Qe6+ Ka7 45.Qe1  1/2-1/2

[Event "Rilton Cup 2010-11"]
[Site "Stockholm SWE"]
[Date "2010.12.28"]
[Round "2"]
[White "Nielsen,Ro"]
[Black "Sagit,R"]
[Result "1-0"]
[WhiteElo "2116"]
[BlackElo "2406"]

1.e4 c5 2.c3 Nf6 3.e5 Nd5 4.d4 cxd4 5.cxd4 d6 6.Bc4 Nb6 7.Bb5+ Nc6 8.Nf3 Bd7
9.Nc3 e6 10.O-O d5 11.Bf4 a6 12.Bd3 Be7 13.Rc1 Rc8 14.Bb1 Nc4 15.b3 Na3 16.Bd3 Nb4
17.Be2 b5 18.Qd2 O-O 19.Qb2 Qa5 20.Bd2 Rfe8 21.Rfd1 Bf8 22.h4 Nac2 23.h5 h6
24.g4 Rc6 25.g5 Rec8 26.gxh6 gxh6 27.Kh1 Kh8 28.Rg1 Qa3 29.Rxc2 Nxc2 30.Qxc2 Rxc3
31.Bxc3 b4 32.Qd2 bxc3 33.Qf4 Bg7 34.Qxf7 Rg8 35.Nh4 Be8 36.Ng6+ Kh7  1-0

[Event "37th ch-IND w"]
[Site "Bhubaneswar IND"]
[Date "2010.12.30"]
[Round "6"]
[White "Aparajita,G"]
[Black "Nivedhitha,J"]
[Result "1-0"]
[WhiteElo "1871"]
[BlackElo "1819"]

1.e4 c5 2.c3 Nf6 3.e5 Nd5 4.d4 cxd4 5.cxd4 Qa5+ 6.Nd2 Nc6 7.Nf3 e6 8.a3 d6
9.g3 dxe5 10.dxe5 Nde7 11.b4 Nxb4 12.Nc4 Nc2+ 13.Ke2 Qa4 14.Nd6+ Kd7 15.Kd2 Qb3
16.Bc4 Qb6 17.Kxc2 Qxf2+ 18.Kb1 Nd5 19.Nxf7 Ke7 20.Bxd5 exd5 21.Nd6 Bg4 22.Bg5+ Ke6
23.Nd4+ Kxe5 24.Bf4+ Kf6 25.Qxg4 Bxd6 26.Qe6+  1-0

[Event "Unna Open 2010"]
[Site "Unna GER"]
[Date "2010.12.30"]
[Round "7.4"]
[White "Weber,Rol"]
[Black "Litwak,A"]
[Result "0-1"]
[WhiteElo "2019"]
[BlackElo "2304"]

1.e4 c5 2.c3 Nf6 3.e5 Nd5 4.d4 cxd4 5.Nf3 e6 6.Bc4 Nb6 7.Bb3 dxc3 8.Nxc3 d5
9.O-O Be7 10.Be3 O-O 11.Rc1 Nc6 12.Bd4 Nxd4 13.Qxd4 Bd7 14.Qd3 f5 15.a4 Be8
16.Nb5 Bf7 17.Rc2 Nd7 18.Rfc1 b6 19.Rc6 Nc5 20.Qd1 Be8 21.Rxe6 Nxe6 22.Bxd5 Bf7
23.Nd6 Bxd6 24.exd6 Qxd6 25.Rc6 Qd8 26.Ne5 Ng5 27.Nxf7 Nxf7 28.g4 Kh8  0-1

[Event "Rilton Cup 2010-11"]
[Site "Stockholm SWE"]
[Date "2010.12.31"]
[Round "5"]
[White "Nielsen,Ro"]
[Black "Wihlborn,B"]
[Result "1-0"]
[WhiteElo "2116"]
[BlackElo "1895"]

1.e4 c5 2.c3 Nf6 3.e5 Nd5 4.d4 cxd4 5.cxd4 d6 6.Bc4 e6 7.Nf3 Nc6 8.O-O Be7
9.exd6 Qxd6 10.Nc3 Nxc3 11.bxc3 O-O 12.Qe2 Bf6 13.Re1 Bd7 14.h4 Rfe8 15.Bg5 Bxg5
16.Nxg5 h6 17.Ne4 Qe7 18.Qh5 Kh7 19.d5 g6 20.Qf3 f5 21.Ng3 Na5 22.dxe6 Bc6
23.Bd5 Qxh4 24.Nxf5 gxf5 25.Qxf5+ Kh8 26.Qe5+ Kh7 27.c4 Re7 28.Re3 Rf8 29.Rg3 Qf4
30.Qe2 Rf5 31.Rf3 Qe5 32.Qd3 Qxa1+ 33.Kh2 Qe5+ 34.Kg1 Kg6 35.g4 Nxc4 36.Rxf5 Qa1+
37.Kg2 Nb2 38.Rg5+ Kxg5 39.Qf5+ Kh4 40.Qh5+  1-0

[Event "37th ch-IND w"]
[Site "Bhubaneswar IND"]
[Date "2011.01.02"]
[Round "8"]
[White "Rathore,So"]
[Black "Amrutha,M"]
[Result "0-1"]
[WhiteElo "1971"]
[BlackElo "2089"]

1.e4 c5 2.c3 Nf6 3.e5 Nd5 4.Nf3 e6 5.d4 cxd4 6.cxd4 d6 7.Bc4 Be7 8.O-O O-O
9.Qe2 Nc6 10.Nc3 dxe5 11.dxe5 Nxc3 12.bxc3 Qa5 13.Bd2 Rd8 14.Qe4 Qc7 15.Rad1 Bd7
16.Rfe1 Be8 17.h4 g6 18.Bg5 Bxg5 19.hxg5 Rxd1 20.Rxd1 Na5 21.Be2 Bc6 22.Qf4 Bxf3
23.Bxf3 Qxc3 24.Rc1 Qb2 25.g3 Qxa2 26.Kg2 Qa3 27.Rc7 Rf8 28.Bg4 Qb3 29.Rc5 Nc6
30.Bf3 Qb6 31.Qc4 Na5 32.Qc3 Nb3 33.Rc7 Na5 34.Rc5 Nb3 35.Rc4 a5 36.Bd1 a4
37.Rxa4 Nc5 38.Rb4 Qa5 39.Qc4 b6 40.Rb5 Qa7 41.Be2 Qc7 42.Qf4 Ra8 43.Rb4 Nd7
44.Bf3 Ra5 45.Rc4 Rc5 46.Ra4 Ra5 47.Rc4 Nc5 48.Rd4 Nd7 49.Rc4 Rc5 50.Ra4 Qxe5
51.Qd2 Nf8 52.Qd8 Qxg5 53.Qxb6 Rc8 54.Qb7 Rd8 55.Rf4 Rd7 56.Qb8 h5 57.Bc6 Qd8
58.Qb4 Rd1 59.Qb7 Nd7 60.Bf3 Rd6 61.Ra4 Nb6 62.Rf4 Rd7 63.Qa6 Rd4 64.Be4 g5
65.Bh7+ Kxh7 66.Rxf7+ Kg6 67.Rf3 g4 68.Re3 Qd5+ 69.Kh2 Rd1  0-1

[Event "23rd Staufer-Open"]
[Site "Leinzell GER"]
[Date "2011.01.02"]
[Round "1"]
[White "Machlin,M"]
[Black "Ikonnikov,Vy"]
[Result "0-1"]
[WhiteElo "1925"]
[BlackElo "2580"]

1.e4 c5 2.c3 Nf6 3.e5 Nd5 4.d4 cxd4 5.cxd4 d6 6.f4 Nc6 7.Nc3 dxe5 8.fxe5 Bf5
9.a3 e6 10.Nf3 Be7 11.Be2 O-O 12.O-O Rc8 13.Bd2 a6 14.Rc1 Nb6 15.Be3 Na5
16.Nd2 Bg5 17.Bxg5 Qxg5 18.Rf3 Rfd8 19.Rg3 Qh6 20.Nf3 Nb3 21.Rc2 Bxc2 22.Qxc2 Qe3+
23.Kf1 Nxd4 24.Nxd4 Qxd4 25.Bd3 h6 26.Qe2 Nd5 27.Qh5 Ne3+  0-1